000 00320nam a22001217a 4500
082 _a297.63 WAT'M
100 _aWATT, W. MURTGOMERY
_977699
245 _aMUHAMMAD (PBUH) AT MECCA
260 _aLONDON'
_bOXFORD
_c1953
300 _a192P
650 _aISLAM-BIOGRAPHY-PROPHET MUHAMMAD PEACE BE UPON HIM
_9876
942 _cBK
999 _c582921
_d582921